Infraestructura privada : (Record no. 1863)
[ view plain ]
| 000 -LEADER | |
|---|---|
| campo de control de longitud fija | 00972cam a2200241 4500 |
| 001 - NÚMERO DE CONTROL | |
| campo de control | 10655 |
| 005 - FECHA Y HORA DE LA ÚLTIMA TRANSACCIÓN | |
| campo de control | 20230404125640.0 |
| 008 - DATOS DE LONGITUD FIJA--INFORMACIÓN GENERAL | |
| campo de control de longitud fija | 060907n1996 wau spa |
| 035 ## - NÚMERO DE CONTROL DEL SISTEMA | |
| -- | funglode10739 |
| 041 ## - CÓDIGO DE IDIOMA | |
| Código de lengua del texto/banda sonora o título independiente | spa |
| 050 14 - SIGNATURA TOPOGRÁFICA DE LA BIBLIOTECA DEL CONGRESO | |
| Número de clasificación | CD F |
| 100 ## - ENTRADA PRINCIPAL--NOMBRE DE PERSONA | |
| Nombre de persona | Vives, Antonio |
| 245 1# - MENCIÓN DEL TÍTULO | |
| Título | Infraestructura privada : |
| Resto del título | Diez mandamientos para su sostenibilidad / |
| Mención de responsabilidad, etc. | Antonio Vives |
| 260 ## - PUBLICACIÓN, DISTRIBUCIÓN, ETC. | |
| Lugar de publicación, distribución, etc. | Washington D.C. : |
| Nombre del editor, distribuidor, etc. | BID, |
| Fecha de publicación, distribución, etc. | 1996 |
| 300 ## - DESCRIPCIÓN FÍSICA | |
| Extensión | 20 p. |
| 490 1# - MENCIÓN DE SERIE | |
| Mención de serie | Reprint series ; |
| Designación de volumen o secuencia | IFM-304 |
| 500 ## - NOTA GENERAL | |
| Nota general | "Este articulo fue publicado en el libro 'Financiación y gestión privada de infraestructuras de interés público', que contiene los documentos de la Conferencia Internacional del mismo nombre." |
| 504 ## - NOTA DE BIBLIOGRAFÍA, ETC. | |
| Nota de bibliografía, etc. | Includes bibliographical references. |
| 650 #0 - PUNTO DE ACCESO ADICIONAL DE MATERIA--TÉRMINO DE MATERIA | |
| Término de materia o nombre geográfico como elemento de entrada | Privatization |
| Subdivisión geográfica | Developing countries. |
| 650 #0 - PUNTO DE ACCESO ADICIONAL DE MATERIA--TÉRMINO DE MATERIA | |
| Término de materia o nombre geográfico como elemento de entrada | Infrastructure (Economics) |
| Subdivisión geográfica | Developing countries. |
| 710 2# - ENTRADA AGREGADA--NOMBRE DE ENTIDAD CORPORATIVA | |
| Nombre de entidad corporativa o nombre de jurisdicción como elemento de entrada | Inter-American Development Bank. |
| Unidad subordinada | Infrastructure and Financial Markets Division. |
| 942 ## - ELEMENTOS DE ENTRADA SECUNDARIOS (KOHA) | |
| Fuente del sistema de clasificación o colocación | Clasificación de Library of Congress |
| Tipo de ítem Koha | |
| Estatus retirado | Estado de pérdida | Fuente del sistema de clasificación o colocación | Estado de daño | No para préstamo | Colección | Biblioteca de origen | Biblioteca actual | Ubicación en estantería | Fecha de adquisición | Serial enumeration / chronology | Total checkouts | Signatura topográfica completa | Código de barras | Visto por última vez | Copia número | Precio de reemplazo | Tipo de ítem Koha |
|---|---|---|---|---|---|---|---|---|---|---|---|---|---|---|---|---|---|
| Clasificación de Library of Congress | Referencia | Biblioteca Juan Bosch | Biblioteca Juan Bosch | Colección Documental (Referencia, 1er. Piso) | 23/10/2018 | 1 | CD F | 00000000187 | 23/10/2018 | 1 | 23/10/2018 |
